00384 a2200121 450000100060000004000220000624000350002824500330006365000370009694200070013395201050014099900170024566109 cAnchieta - Pituba10aFestival de redação 2005l10aFestival de redação 2005 4aLínguas espanhola e portuguesa cMX 00104070a91.1b91.1d2023-11-21l0o460 C695 FESp20890/PITr2023-11-21 18:34:23w2023-11-21yMX c66109d66109